Evaluation of success factors for e-learning acceptance - a comparative analysis
Gespeichert in:
| 1. Verfasser: | |
|---|---|
| Weitere Verfasser: | , |
| Format: | Buchkapitel |
| Sprache: | Englisch |
| Schlagworte: | |
| Tags: |
Keine Tags, Fügen Sie das erste Tag hinzu!
|
MARC
| LEADER | 00000nla a2200000 4500 | ||
|---|---|---|---|
| 001 | 0163824 | ||
| 005 | 20240530102225.2 | ||
| 041 | 0 | |a eng | |
| 044 | |a CZ | ||
| 245 | 1 | 0 | |a Evaluation of success factors for e-learning acceptance - a comparative analysis |c Ivan Hlavatý, Lujza Jurkovičová, Peter Červenka |
| 610 | 2 | 0 | |a vzdelávanie elektronické |
| 610 | 2 | 0 | |a sústava výchovno-vzdelávacia |
| 610 | 2 | 0 | |a gramotnosť informačná |
| 610 | 2 | 0 | |a technológie informačné |
| 610 | 2 | 0 | |a technológie komunikačné |
| 610 | 2 | 0 | |a informatizácia |
| 100 | 1 | |a Hlavatý, Ivan, 1978- | |
| 700 | 1 | |a Jurkovičová, Lujza | |
| 700 | 1 | |a Červenka, Peter, 1976- | |